000 00281nam a22001217a 4500
008 170623b xxu||||| |||| 00| 0 eng d
041 _aeng
080 _a94
100 _a21
101 _aSHP
245 _aWESTERN SOCIETES A DOKUMENTARY HISTORY
_cTIERNEY.B
942 _2udc
_cBK
999 _c18954
_d18954